000 00702nam a22001937a 4500
005 20100812160511.0
010 _aENG-99883
020 _a9788174532992
_c995.00
035 _aEN-83415
037 _bDBAD/PUB
082 _a780.954
100 _aSharma, Lovely
_912017
245 _aCentres for the promotion of Indian music /
_cby Lovely Sharma
260 _aDarya Ganj
_bSanjay Prakashan
_c2009
270 _a4378/4 D, 209 J.M.D. House Ansari Road
_bDarya Ganj
_e110002
300 _a297p.
_c22cm (Hb)
942 _2ddc
_cEN
_h780.954
_mSHA
999 _c41446
_d41446